000 00751nas a2200241 i 4500
001 536
003 ES-MaACL
005 20250828062525.0
007 t|
008 950801d1913 ck | | 1 |spa d
080 _a378.4
245 0 0 _aBoletín de la Universidad de Santa Fe /
_cdir., Santiago Irigoyen.
260 _aSanta Fe [Argentina] :
_b[s.n.],
_c[1913] (
_fImp. de F.J. Ribles)
300 _av. ;
_c25 cm.
650 7 _aEducación
_2embne
_912073
650 7 _aCiencias sociales
_2embne
_910988
650 4 _aInstituciones científicas y diversas
_913829
700 1 _aIrigoyen, Santiago.
_965470
710 2 _aUniversidad de Santa Fe (
_cColombia)
_97292
852 4 _aES-MaACL
_jB-8508
866 1 _o1913.
999 _c536
_d536